01188na a2200301 450000100060000000300080000600500170001400800410003102000150007203500100008704000250009708200260012209000250014810000200017324501020019324600390029526000830033430000180041749000670043549000570050249000750055950400200063461000550065465000420070994200130075195201070076499900150087115742MIRAKIL20181213155119.0160923b tu 000 0  a9757669474 a15742 aMilasbturcTR-AnCHP a341.481026bG94i 1996 a341.481026 G94i 1996 aGülmez, Mesut aİnsan haklarının uluslararası korunmasıbBirleşmiş Milletler sistemlericMesut Gülmez aBirleşmiş Milletler sistemleri aAnkarabTürkiye ve Orta Doğu Amme İdaresi Enstitüsü (TODAİE)c1996 a62 s.c19 sm. aİnsan Hakları ve Demokrasi Eğitimi Elkitapları dizisiv4 aİnsan Hakları Araştırma ve Derleme Merkeziv13 aTürkiye ve Orta Doğu Amme İdaresi Enstitüsü yayınlarıv271 aKaynakça var. aBirleşmiş Milletlerxİnsan Hakları Komitesi aUluslararası hukukxİnsan hakları 2ddccBKS a0001b0001d2016-09-23e2l0o341.481026 G94i 1996p004147r2016-09-23 00:00:00v0.00w2016-09-23yBKS c6778d6778